000 00502nam a2200181Ia 4500
005 20250508160839.0
008 008 250505s9999 xx 000 0 eng d
037 _aTextual
040 _aFEDL
_beng
_cFEDL
041 _aeng
_2eng
084 _a371.42, MIL
_qFEDL
100 _aMilner Patricia
_9769531
245 0 _aCounselling in education
260 _aLondon, UK
_bJ M Dent and Sons Limited
_c1974
300 _a272p.
942 _cTEXL
_h371.42, MIL
999 _c1366953
_d1366953